[Event "Frankfurt-chA"]
[White "Honert, Stefan"]
[Black "Kirchmann, Gerhard"]
[Site "Frankfurt"]
[Round "5"]
[Result "0-1"]
[Date "2012.06.04"]
[WhiteElo "1345"]
[BlackElo "1428"]
[PlyCount "90"]
[EventDate "2012.04.30"]
[EventType "swiss"]
[EventRounds "7"]
[EventCountry "GER"]
[SourceTitle "EXT 2013"]
[Source "ChessBase"]
[SourceDate "2012.11.22"]
[SourceVersion "1"]
[SourceVersionDate "2012.11.22"]
[SourceQuality "1"]

1. d4 Nf6 2. c4 e6 3. Nf3 d5 4. Nc3 Bb4 5. Qa4+ Nc6 6. a3 Bxc3+ 7. bxc3 0-0 8. Bg5 Bd7 9. cxd5 Ne5 10. Qb3 Nxf3+ 11. gxf3 exd5 12. e3 Rb8 13. Bd3 Bh3 14. Rg1 Be6 15. Qc2 g6 16. Ke2 Kg7 17. h4 Qd7 18. Bxf6+ Kxf6 19. e4 dxe4 20. fxe4 Bg4+ 21. f3 Bh5 22. Qd2 Qh3 23. Qg5+ Kg7 24. Qxh5 Qh2+ 25. Ke3 Qb2 26. Qe5+ Kg8 27. Qc5 Rbe8 28. Qc4 c6 29. Ra2 Qb6 30. h5 Kg7 31. Kd2 Re5 32. hxg6 fxg6 33. Rxg6+ hxg6 34. dxe5 Qf2+ 35. Kc1 Qe1+ 36. Kb2 Rxf3 37. Kb3 c5 38. Re2 Qg3 39. Bc2 Qxe5 40. Kb2 b5 41. Qb3 a5 42. Rd2 c4 43. Qa2 Qxc3+ 44. Kc1 Qe3 45. Qb2+ c3 0-1

[Event "Frankfurt-ch"]
[White "Lehmann, Gerit"]
[Black "Kirchmann, Gerhard"]
[Site "Frankfurt"]
[Round "6"]
[Result "0-1"]
[Date "2007.06.11"]
[WhiteElo "1443"]
[BlackElo "1276"]
[PlyCount "108"]
[EventDate "2007.04.30"]
[EventType "swiss"]
[EventRounds "7"]
[EventCountry "GER"]
[SourceTitle "EXT 2008"]
[Source "ChessBase"]
[SourceDate "2007.11.25"]
[SourceVersion "1"]
[SourceVersionDate "2007.11.25"]
[SourceQuality "1"]

1. c4 c5 2. Nc3 Nc6 3. Nf3 Nf6 4. d3 d6 5. Bg5 Bg4 6. e3 e6 7. Be2 Be7 8. 0-0 0-0 9. Nd2 Bxe2 10. Qxe2 a6 11. a3 h6 12. Bh4 g5 13. Bg3 e5 14. Nde4 Nxe4 15. Nxe4 f5 16. Qh5 Kh7 17. Nxg5+ Bxg5 18. f4 exf4 19. Bxf4 Bxf4 20. Rxf4 Qg5 21. Qf3 Rf6 22. Rf1 Raf8 23. g4 fxg4 24. Qe4+ Qg6 25. Qxg6+ Kxg6 26. Rxg4+ Kh5 27. Rxf6 Rxf6 28. Rg7 Rg6+ 29. Rxg6 Kxg6 30. Kf2 Kf5 31. h3 h5 32. Kg3 Kg5 33. h4+ Kf5 34. b3 b6 35. e4+ Ke5 36. Kf3 Nd4+ 37. Ke3 Nxb3 38. a4 a5 39. Kf3 Nd4+ 40. Ke3 Nc2+ 41. Kf3 Kd4 42. Kf4 Kxd3 43. Kg5 Kxe4 44. Kxh5 Kf5 45. Kh6 Kf6 46. Kh7 Ne3 47. h5 Nxc4 48. h6 Ne5 49. Kg8 Kg5 50. h7 Ng6 51. h8Q Nxh8 52. Kxh8 Kf6 53. Kg8 Ke7 54. Kg7 c4 0-1

[Event "Frankfurt-ch"]
[White "Kirchmann, Gerhard"]
[Black "Djakow, Alexander"]
[Site "Frankfurt"]
[Round "1"]
[Result "0-1"]
[Date "2007.04.30"]
[WhiteElo "1276"]
[BlackElo "1813"]
[PlyCount "48"]
[EventDate "2007.04.30"]
[EventType "swiss"]
[EventRounds "7"]
[EventCountry "GER"]
[SourceTitle "EXT 2008"]
[Source "ChessBase"]
[SourceDate "2007.11.25"]
[SourceVersion "1"]
[SourceVersionDate "2007.11.25"]
[SourceQuality "1"]

1. d4 d5 2. Bf4 Nf6 3. Nf3 e6 4. e3 Nbd7 5. Nbd2 Be7 6. h3 c5 7. c3 0-0 8. Be2 b6 9. 0-0 Bb7 10. Re1 Rc8 11. a4 Nh5 12. Bh2 f5 13. Ng5 Bxg5 14. Bxh5 Nf6 15. Be2 Ne4 16. Nf3 Bh6 17. Ne5 Qh4 18. Rf1 Nxf2 19. Rxf2 Bxe3 20. Qf1 cxd4 21. g3 Qe4 22. Nd3 dxc3 23. bxc3 d4 24. Qg2 Qxg2# 0-1